| 000 | 00921nam a22002777a 4500 | ||
|---|---|---|---|
| 005 | 20141128145708.0 | ||
| 010 | _aENG-111251 | ||
| 020 |
_a9788125056133 _c1225.00 |
||
| 035 | _aEN-94783 | ||
| 037 | _bDBAD/PUB | ||
| 082 | _a954.035 | ||
| 100 |
_a(Chakravarti), _d1878-1972, |
||
| 245 |
_aSelected works of C. Rajagopalachari / _cedited by Mahesh Rangarajan, N. Balakrishnan [and] Deepa Bhatnagar |
||
| 260 |
_aNew Delhi _bOrient Blackswan _c2014 |
||
| 270 |
_a1/24, Asaf Ali Road _bNew Delhi _e110002 |
||
| 300 |
_aV.2(xiv, 511p.) _c25cm(Hb) |
||
| 500 | _a"Issued under the auspices of Nehru Memorial Museum and Library." | ||
| 500 | _aIncludes index | ||
| 500 | _aIncludes index | ||
| 505 | _aV.2-1921-22 | ||
| 600 |
_aRajagopalachari, C. _d1878-1972. |
||
| 700 | _aRangarajan, Mahesh | ||
| 700 | _aBalakrishnan, N. | ||
| 700 | _aBhatanagar, Deepa | ||
| 942 |
_2ddc _cEN _mSEL _h954.035 |
||
| 999 |
_c90092 _d90092 |
||